[Event "2. Magistral Ricardo Lettieri"]
[Site "Pinamar ARG"]
[Date "2005.03.17"]
[Round "10.5"]
[White "Mahia, Gustavo"]
[Black "Vera Insfran, Jorge"]
[Result "1-0"]
[WhiteElo "2364"]
[BlackElo "2247"]
[PlyCount "59"]
[EventDate "2005.03.08"]
[EventType "tourn"]
[EventRounds "11"]
[EventCountry "ARG"]
[Source "lmi"]
[SourceDate "2005.03.18"]

1. d4 d5 2. c4 c6 3. Nf3 Nf6 4. Nc3 e6 5. Bg5 Be7 6. e3 Nbd7 7. Qc2 O-O 8. Rd1
h6 9. Bf4 a6 10. a3 b5 11. c5 Nh5 12. Bd3 f5 13. h4 Qe8 14. Kd2 Qg6 15. Rdg1
Nhf6 16. g4 Nxg4 17. Nh2 Qf6 18. Rxg4 fxg4 19. Nxg4 Qf7 20. Bg6 Qxf4 21. exf4
Rxf4 22. Rg1 Rxd4+ 23. Kc1 Bxh4 24. Nxh6+ Kf8 25. Qe2 Nxc5 26. Nf5 Nb3+ 27. Kb1
Rd2 28. Qe5 Bf6 29. Rh1 Kg8 30. Rh8+ 1-0

[Event "2. Magistral Ricardo Lettieri"]
[Site "Pinamar ARG"]
[Date "2005.03.18"]
[Round "11.1"]
[White "Roca, Alfredo"]
[Black "Needleman, Alejandro"]
[Result "1/2-1/2"]
[WhiteElo "2366"]
[BlackElo "2400"]
[PlyCount "138"]
[EventDate "2005.03.08"]
[EventType "tourn"]
[EventRounds "11"]
[EventCountry "ARG"]
[Source "lmi"]
[SourceDate "2005.03.18"]

1. e4 c5 2. Nc3 e6 3. g3 d5 4. exd5 exd5 5. Bg2 Nf6 6. Nge2 d4 7. Ne4 Nxe4 8.
Bxe4 Nd7 9. d3 Nf6 10. Bg2 Bd6 11. O-O O-O 12. Bf4 Bg4 13. Bxd6 Qxd6 14. h3
Bxe2 15. Qxe2 Rfe8 16. Qd2 Re7 17. Rfe1 Rae8 18. Rxe7 Rxe7 19. Re1 b6 20. Rxe7
Qxe7 21. Qf4 g6 22. Kf1 Kg7 23. a4 Qe6 24. b3 h6 25. h4 Qg4 26. Qxg4 Nxg4 27.
Ke2 Ne5 28. Bd5 f6 29. Kf1 g5 30. Kg2 f5 31. hxg5 hxg5 32. Bb7 Kf6 33. Kf1 Nf7
34. Ke2 Ke5 35. Bc6 Nh6 36. Bd7 Ng4 37. Bc8 Nf6 38. Bb7 f4 39. Bc6 fxg3 40.
fxg3 Ng4 41. Bf3 Ne3 42. c4 Kf5 43. Bh5 g4 44. Be8 Nc2 45. Bd7+ Kg5 46. a5 bxa5
47. Kd2 Ne3 48. Ke2 Kf6 49. Ba4 Ke6 50. Kf2 Ke5 51. Ke2 Kd6 52. Kf2 Nf5 53. Kg2
Ke5 54. Kf2 Ke6 55. Kg2 Ng7 56. Kf2 Nh5 57. Kg2 Kf6 58. Kf2 Kg5 59. Kg2 Nf4+
60. gxf4+ Kxf4 61. Kf2 g3+ 62. Ke2 g2 63. Kf2 g1=Q+ 64. Kxg1 Ke3 65. Kf1 Kxd3
66. Ke1 Ke3 67. Kd1 Kd3 68. Ke1 Ke3 69. Kd1 Kd3 1/2-1/2

[Event "2. Magistral Ricardo Lettieri"]
[Site "Pinamar ARG"]
[Date "2005.03.18"]
[Round "11.3"]
[White "Rubinetti, Jorge"]
[Black "Mahia, Gustavo"]
[Result "0-1"]
[WhiteElo "2393"]
[BlackElo "2364"]
[PlyCount "114"]
[EventDate "2005.03.08"]
[EventType "tourn"]
[EventRounds "11"]
[EventCountry "ARG"]
[Source "lmi"]
[SourceDate "2005.03.18"]

1. e4 c5 2. Nc3 Nc6 3. g3 g6 4. Bg2 Bg7 5. d3 e6 6. Be3 Nd4 7. Qd2 Ne7 8. Nh3
O-O 9. O-O b6 10. Bh6 e5 11. Bxg7 Kxg7 12. f4 d6 13. f5 f6 14. g4 g5 15. Nd1 h6
16. c3 Nb5 17. Ne3 Nc7 18. Nf2 Bb7 19. Rfd1 Qe8 20. d4 cxd4 21. cxd4 Nc6 22. d5
Nd4 23. Rac1 Rc8 24. Nh1 Qa4 25. b3 Qd7 26. Ng3 a5 27. Kf2 Na6 28. Nc4 Qd8 29.
h4 Nc5 30. Rh1 Ncxb3 31. axb3 Nxb3 32. Qe3 Nxc1 33. Nh5+ Kf7 34. Rxc1 Ba6 35.
Bf1 Bxc4 36. Rxc4 Rxc4 37. Bxc4 Qc7 38. hxg5 hxg5 39. Bb5 Qc5 40. Bc6 Rb8 41.
Ng3 Qxe3+ 42. Kxe3 b5 43. Ne2 b4 44. Kd2 Rh8 45. Nc1 Rh4 46. Nb3 Rxg4 47. Nxa5
Rxe4 48. Bb5 g4 49. Bf1 Rf4 50. Ke2 Rxf5 51. Nc4 Ke7 52. Ke1 Rf4 53. Na5 f5 54.
Bg2 Kf6 55. Nb3 Rc4 56. Kd2 Rc3 57. Na5 Ra3 0-1

[Event "2. Magistral Ricardo Lettieri"]
[Site "Pinamar ARG"]
[Date "2005.03.18"]
[Round "11.4"]
[White "Molina, Jorge"]
[Black "Rodi, Luis"]
[Result "1-0"]
[WhiteElo "2234"]
[BlackElo "2258"]
[PlyCount "125"]
[EventDate "2005.03.08"]
[EventType "tourn"]
[EventRounds "11"]
[EventCountry "ARG"]
[Source "lmi"]
[SourceDate "2005.03.18"]

1. Nf3 f5 2. g3 Nf6 3. c4 g6 4. Bg2 Bg7 5. O-O O-O 6. d4 d6 7. Nc3 Nc6 8. d5
Ne5 9. Nxe5 dxe5 10. e4 f4 11. gxf4 exf4 12. e5 Ng4 13. e6 Ne5 14. Re1 Nxc4 15.
Re4 Nd6 16. Rxf4 c6 17. Rxf8+ Qxf8 18. Qd3 Rb8 19. Bg5 c5 20. Re1 c4 21. Qg3
Ra8 22. Qh4 Nf5 23. Qxc4 h6 24. Bd2 Kh7 25. Ne4 Qd8 26. Bc3 Bxc3 27. Qxc3 Qh8
28. Qc7 Qg7 29. d6 Bxe6 30. d7 Bxd7 31. Qxd7 Qxb2 32. Ng3 Ng7 33. Qxb7 Rb8 34.
Qxa7 Rf8 35. Rxe7 h5 36. Be4 Kh8 37. Bxg6 h4 38. Qe3 Qa1+ 39. Kg2 h3+ 40. Kxh3
Kg8 41. Bc2 Qf6 42. Bb3+ Kh8 43. Re4 Nf5 44. Nxf5 Qxf5+ 45. Rg4 Rf6 46. Qe8+
Rf8 47. Qg6 Qxg6 48. Rxg6 Rxf2 49. Rg2 Rf6 50. Rg4 Rf2 51. Kg3 Rd2 52. h4 Kh7
53. Kf3 Kh6 54. Ke3 Rh2 55. Kd4 Kh5 56. Rf4 Rh3 57. Kc4 Rh1 58. a4 Rc1+ 59. Kb5
Rc8 60. Bf7+ Kh6 61. a5 Rb8+ 62. Kc6 Ra8 63. Ra4 1-0